| 000 | 01222cam a2200373 a 4500 | ||
|---|---|---|---|
| 001 | 1159882 | ||
| 003 | OSt | ||
| 005 | 20140310183131.0 | ||
| 008 | 970612m19951996ph 000 0 eng | ||
| 010 | _a 95943855 | ||
| 020 | _a9711006480 (v. 1) | ||
| 020 | _a971109234 (v. 2) | ||
| 040 |
_aDLC _cDLC _dDLC |
||
| 041 | 0 | _aengtag | |
| 042 | _alcode | ||
| 043 | _aa-ph--- | ||
| 050 | 0 | 0 |
_aPS 9992 _b.L732 1995 |
| 082 | 0 | 0 |
_aFIL 808.83 _2M66 1995 |
| 245 | 0 | 0 |
_aMindanao harvest : _ban anthology of contemporary writing / _cEd. Lim, Jaime An |
| 260 |
_aQuezon City : _bNew Day Publishers of the Christian Literature Society of the Philippines, _c1995-1996. |
||
| 300 |
_a144 p. _c22 cm. |
||
| 500 | _aLiterature. | ||
| 500 | _aEnglish and Tagalog. | ||
| 521 | _acollege students | ||
| 526 | _c1210L-1700L | ||
| 541 | _j1 | ||
| 562 | _efor circulation. 1 copy available in the collection | ||
| 650 | 0 |
_aPhilippine literature (English) _zPhilippines _zMindanao Island. |
|
| 700 | 2 |
_aAn Lim, Jaime L., _d1946- |
|
| 700 | 2 | _aGodinez-Ortega, Christine. | |
| 906 |
_a7 _bcbc _corigode _d2 _encip _f19 _gy-gencatlg |
||
| 942 |
_2lcc _cBK _kFIL |
||
| 999 |
_c19160 _d19160 |
||